[Event "Alberta op"]
[Site "Edmonton"]
[Date "2015.10.10"]
[Round "1"]
[White "Wu, Chenxi"]
[Black "Valencia, Belsar"]
[Result "0-1"]
[WhiteElo "1820"]
[BlackElo "2232"]
[PlyCount "100"]
[EventDate "2015.10.10"]
[EventType "swiss"]
[EventRounds "6"]
[EventCountry "CAN"]
[SourceTitle "EXT 2017"]
[Source "ChessBase"]
[SourceDate "2016.10.25"]
[SourceVersion "1"]
[SourceVersionDate "2016.10.25"]
[SourceQuality "1"]

1. e4 c5 2. Nf3 e6 3. d4 cxd4 4. Nxd4 a6 5. Be3 Qc7 6. Nc3 Bb4 7. Qd3 Nf6 8. Nde2 d6 9. g3 Nbd7 10. Bg2 Ne5 11. Qd4 Bc5 12. Qa4+ Bd7 13. Qb3 Bxe3 14. fxe3 Rc8 15. 0-0 Nc4 16. e5 Nd2 17. Qxb7 Nxf1 18. Rxf1 dxe5 19. Qxa6 Ng4 20. Nb5 Bxb5 21. Qxb5+ Qd7 22. Qxd7+ Kxd7 23. Rxf7+ Kd8 24. Rxg7 Nxe3 25. c3 Rc7 26. Rg5 Nxg2 27. Kxg2 Kd7 28. Rxe5 Ra8 29. Rh5 Kc8 30. Kf3 Rxa2 31. b4 Rf7+ 32. Ke3 Rf1 33. Nf4 Re1+ 34. Kd4 e5+ 35. Kc5 exf4 36. gxf4 Re7 37. c4 Rc2 38. Kd4 Rd7+ 39. Ke5 Rxc4 40. f5 Rxb4 41. Ke6 Rb6+ 42. Ke5 Rf7 43. h4 h6 44. Ke4 Rbf6 45. Ke5 Kd7 46. Kf4 Kd6 47. Ke4 Re7+ 48. Kf4 Kd5 49. Kf3 Ke5 50. Kg4 Rg7+ 0-1

[Event "Red Deer Battle of Alberta"]
[Site "Red Deer"]
[Date "2011.09.24"]
[Round "1.7"]
[White "Karmali, Hafiz"]
[Black "Valencia, Belsar"]
[Result "0-1"]
[WhiteElo "1999"]
[BlackElo "2301"]
[PlyCount "80"]
[EventDate "2011.09.24"]
[EventType "team-match"]
[EventRounds "2"]
[EventCountry "CAN"]
[SourceTitle "EXT 2022"]
[Source "ChessBase"]
[SourceDate "2021.10.06"]
[SourceVersion "1"]
[SourceVersionDate "2021.10.06"]
[SourceQuality "1"]

1. e4 c5 2. Nc3 Nc6 3. g3 g6 4. Bg2 Bg7 5. Nge2 d6 6. 0-0 Rb8 7. a4 e6 8. d3 Nge7 9. Be3 Nd4 10. Nb5 Nec6 11. Nbxd4 cxd4 12. Bd2 0-0 13. Qc1 e5 14. h3 Be6 15. b4 Qd7 16. b5 Ne7 17. Bb4 f5 18. Qa3 Rbd8 19. Kh2 Rf7 20. Ng1 fxe4 21. dxe4 Bc4 22. Nf3 Bxf1 23. Rxf1 h6 24. Qb3 Rdf8 25. Qa3 Nc8 26. Kg1 Kh7 27. h4 Qg4 28. Nd2 h5 29. Nc4 Qe2 30. Qd3 Rxf2 31. Qxe2 Rxe2 32. Nxd6 Nxd6 33. Bxd6 Rxf1+ 34. Bxf1 Rxc2 35. a5 d3 36. a6 bxa6 37. bxa6 d2 38. Be2 Rc1+ 39. Kf2 d1Q 40. Bxd1 Rxd1 0-1

[Event "Edmonton 6th"]
[Site "Edmonton"]
[Date "2011.08.01"]
[Round "9"]
[White "Valencia, Belsar"]
[Black "Gardner, Robert"]
[Result "1-0"]
[WhiteElo "2204"]
[BlackElo "2188"]
[PlyCount "103"]
[EventDate "2011.07.27"]
[EventType "tourn"]
[EventRounds "9"]
[EventCountry "CAN"]
[EventCategory "4"]
[SourceTitle "CBM 143 Extra"]
[Source "ChessBase"]
[SourceDate "2011.08.29"]
[SourceVersion "1"]
[SourceVersionDate "2011.08.29"]
[SourceQuality "1"]

1. c4 b6 2. Nc3 Bb7 3. e4 e6 4. a3 Ne7 5. d4 d5 6. cxd5 exd5 7. e5 c5 8. Nf3 Nbc6 9. Bg5 Qd7 10. dxc5 bxc5 11. Nb5 Ng6 12. Qxd5 Qxd5 13. Nc7+ Kd7 14. Nxd5 Ngxe5 15. Nxe5+ Nxe5 16. 0-0-0 Bd6 17. Be2 f6 18. Be3 Rad8 19. f4 Ng6 20. Bg4+ Ke8 21. Rhe1 Kf7 22. g3 Rhe8 23. Nc3 Bc6 24. Be2 Kf8 25. Rxd6 Rxd6 26. Bxc5 Red8 27. Rd1 Ke7 28. Rxd6 Rxd6 29. Nb5 Bxb5 30. Bxb5 Nf8 31. f5 g6 32. fxg6 hxg6 33. Kc2 Ne6 34. Bxd6+ Kxd6 35. Kd3 Ke5 36. b4 g5 37. Bd7 Nd4 38. h4 gxh4 39. gxh4 Nf3 40. h5 Kd6 41. Ke3 Ne5 42. Bf5 Nf7 43. Kd4 Nh6 44. Be4 f5 45. Bd5 Ng4 46. a4 f4 47. Bf3 Ne5 48. Ke4 Ke6 49. b5 Nc4 50. Kxf4 Nb2 51. a5 Nc4 52. a6 1-0